La andadura del español por el mundo / (Registro nro. 11239)

Detalles MARC
000 -LIDER
fixed length control field 01017cam a2200349 a 4500
001 - NÚMERO DE CONTROL
Identificador de número de control 67942
003 - IDENTIFICACDOR DE NÚMERO DE CONTROL
control field DO-SdBNP
005 - DATE AND TIME OF LATEST TRANSACTION
control field 20240812105531.0
007 - CAMPOS FIJOS DE DESCRIPCIÓN FÍSICA
fixed length control field 67942
008 - ELEMENTOS DE LONGITUD FIJA
fixed length control field 110131s2010 mx b b 000 0 spa
010 ## - NUMERO DE CONTROL DE BIBLIOTECA DEL CONGRESO
LC control number
020 ## - ISBN
International Standard Book Number 9786071107749
035 ## - NÚMERO LOCAL
System control number
040 ## - FUENTE DE CATALOGACIÓN
Agencia que crea de manera original el registro BPMSU
Agencia que realiza la transcripción spa
Agencia que realiza la modificación BPMSU
042 ## - CÓDIGO DE AUNTENTIFICACIÓN
Authentication code
043 ## - CÓDIGO DE ÁREA GEOGRÁFICA
Geographic area code
082 ## - NÚMERO DE CLASIFICACIÓN DECIMAL DE DEWEY
Classification number 467.0098
Item number L864a 2010
Edition number 22
100 1# - ASIENTO PRINCIPAL -- NOMBRE PERSONAL
Nombre personal López Morales, Humberto.
Fechas asociadas con el nombre 1936-
245 13 - MENCIÓN DE TITULO
Título La andadura del español por el mundo /
Mención de responsabilidad Humberto López Morales.
260 ## - PUBLICACIÓN, DISTRIBUCIÓN, ETC. (PIE DE IMPRENTA)
Lugar de publicación, distribución, etc México :
Nombre del editor, distribuidor, etc. Taurus,
Fecha de publicación, distribución, etc 2010.
300 ## - DESCRIPCIÓN FÍSICA
Extensión 464 p. ;
Dimensiones 24 cm.
Otros detalles físicos
504 ## - NOTA DE BIBLIOGRAFÍA, ETC.
Bibliography, etc
586 ## - AWARDS NOTE
Awards note Premio de Ensayo Isabel Polanco
590 ## - NOTA LOCAL
Texto de la nota local Inventariado, 2024/BM
650 #4 - ENCABEZAMIENTO DE MATERIA--TEMÁTICO
Término temático o nombre geográfico como elemento de entrada Español
Subdivisión temática general Historia
650 #4 - ENCABEZAMIENTO DE MATERIA--TEMÁTICO
Término temático o nombre geográfico como elemento de entrada Español
Subdivisión temática general Dialectos
Subdivisión geográfica
650 #4 - ENCABEZAMIENTO DE MATERIA--TEMÁTICO
Término temático o nombre geográfico como elemento de entrada Español en América
Subdivisión temática general Historia
856 42 - UBICACIÓN ELECTRÓNICA Y ACCESO
Materiales especificados
Identificador Uniforme del Recurso (“URI”)
856 42 - UBICACIÓN ELECTRÓNICA Y ACCESO
Materiales especificados Publisher description
Identificador Uniforme del Recurso (“URI”) http://www.loc.gov/catdir/enhancements/fy1113/2011376676-d.html
910 ## - VALIDACIÓN
Validación VMateo V. Control de calidad. BPMSU
942 ## - ADDED ENTRY ELEMENTS (KOHA)
Source of classification or shelving scheme Dewey Decimal Classification
Koha item type Libros
Existencias
Withdrawn status Lost status Source of classification or shelving scheme Damaged status Not for loan Collection code Home library Current library Date acquired Source of acquisition Total Checkouts Full call number Barcode Date last seen Price effective from Koha item type Copy number
    Dewey Decimal Classification     Colección General Biblioteca Pública Metropolitana Salomé Ureña Biblioteca Pública Metropolitana Salomé Ureña 12/14/2017 Santillana Ediciones Generales   BPMSU CG 467.0098 L864a 2010 BPMSU17120033 12/14/2017 12/14/2017 Libros  
    Dewey Decimal Classification     Colección General Biblioteca Pública Metropolitana Salomé Ureña Biblioteca Pública Metropolitana Salomé Ureña 12/14/2017 Alfaguara   BPMSU CG 467.0098 L864a 2010 BPMSU17120034 12/14/2017 12/14/2017 Libros e.2